[Event "Aalst op 15th"]
[Site "Aalst"]
[Date "2013.06.12"]
[Round "9"]
[White "De Weird, Matthias"]
[Black "Vanhee, Freddy"]
[Result "0-1"]
[WhiteElo "1699"]
[BlackElo "1966"]
[PlyCount "82"]
[EventDate "2013.04.17"]
[EventType "swiss"]
[EventRounds "9"]
[EventCountry "BEL"]
[SourceTitle "EXT 2014"]
[Source "ChessBase"]
[SourceDate "2013.11.20"]
[SourceVersion "1"]
[SourceVersionDate "2013.11.20"]
[SourceQuality "1"]

1. e4 c6 2. c4 e5 3. Nf3 d6 4. Nc3 Nd7 5. d4 Ngf6 6. Be3 Ng4 7. Bg5 Be7 8. Bxe7 Qxe7 9. d5 c5 10. Be2 0-0 11. 0-0 Nh6 12. Nd2 g6 13. Bd3 Kh8 14. Nb3 f5 15. exf5 gxf5 16. f3 Nf6 17. Qd2 Qg7 18. Nb5 Ne8 19. Rae1 Rg8 20. Re2 Nf7 21. Qc2 Nh6 22. Rfe1 a6 23. Nxd6 Nxd6 24. Rxe5 Nhf7 25. Re7 b6 26. a4 a5 27. g3 Rb8 28. f4 Qf6 29. Nd2 Rb7 30. R7e3 Nh6 31. Nf3 Ng4 32. R3e2 Rbg7 33. Ne5 h5 34. Qb3 Ne4 35. Bxe4 fxe4 36. Rxe4 h4 37. R1e2 Nxh2 38. Kxh2 Rxg3 39. R4e3 Qxf4 40. Rxg3 Rxg3 41. Qxb6 Rg6+ 0-1

[Event "Aalst op 15th"]
[Site "Aalst"]
[Date "2013.05.22"]
[Round "6"]
[White "Vanhee, Freddy"]
[Black "Flamee, Dirk"]
[Result "1-0"]
[WhiteElo "1966"]
[BlackElo "1798"]
[PlyCount "63"]
[EventDate "2013.04.17"]
[EventType "swiss"]
[EventRounds "9"]
[EventCountry "BEL"]
[SourceTitle "EXT 2014"]
[Source "ChessBase"]
[SourceDate "2013.11.20"]
[SourceVersion "1"]
[SourceVersionDate "2013.11.20"]
[SourceQuality "1"]

1. d4 d5 2. c3 Bf5 3. Qb3 b6 4. Bf4 Nf6 5. e3 g6 6. Nf3 Bg7 7. Nbd2 0-0 8. Nh4 Bd7 9. Bd3 Nc6 10. 0-0 Re8 11. Nhf3 e6 12. Bg5 Na5 13. Qd1 c5 14. Ne5 c4 15. Bc2 b5 16. Qf3 h6 17. Bxf6 Bxf6 18. Nxd7 Bxd4 19. exd4 Qxd7 20. Qf6 Qe7 21. Qxe7 Rxe7 22. f4 Nc6 23. a3 Rc8 24. Nf3 Rec7 25. Ne5 a5 26. g4 Ne7 27. f5 exf5 28. gxf5 g5 29. Ng4 Rc6 30. f6 Ng6 31. Bxg6 fxg6 32. Ne5 1-0

[Event "Charleroi op"]
[Site "Charleroi"]
[Date "2012.08.01"]
[Round "6"]
[White "Van Mechelen, Jan"]
[Black "Vanhee, Freddy"]
[Result "1/2-1/2"]
[WhiteElo "2247"]
[BlackElo "1961"]
[PlyCount "43"]
[EventDate "2012.07.28"]
[EventType "swiss"]
[EventRounds "9"]
[EventCountry "BEL"]
[SourceTitle "CBM 149 Extra"]
[Source "ChessBase"]
[SourceDate "2012.08.24"]
[SourceVersion "1"]
[SourceVersionDate "2012.08.24"]
[SourceQuality "1"]

1. e4 c5 2. Nf3 Nc6 3. Bb5 a6 4. Bxc6 dxc6 5. d3 Qc7 6. Be3 e5 7. Nbd2 Bd6 8. a4 a5 9. 0-0 Ne7 10. Nh4 0-0 11. Qh5 Be6 12. Nc4 Bxc4 13. dxc4 Ng6 14. Nf5 Rfd8 15. Ra3 Bf8 16. Bg5 Nf4 17. Bxd8 Rxd8 18. Qg4 Rd2 19. Rd1 Ne2+ 20. Kf1 Rxd1+ 21. Kxe2 Rd7 22. Rd3 1/2-1/2

[Event "Geraardsbergen op 27th"]
[Site "Geraardsbergen"]
[Date "2011.08.14"]
[Round "7"]
[White "Van Vooren, Gert"]
[Black "Vanhee, Freddy"]
[Result "0-1"]
[WhiteElo "1892"]
[BlackElo "1984"]
[PlyCount "64"]
[EventDate "2011.08.11"]
[EventType "swiss"]
[EventRounds "9"]
[EventCountry "BEL"]
[SourceTitle "CBM 144 Extra"]
[Source "ChessBase"]
[SourceDate "2011.10.28"]
[SourceVersion "1"]
[SourceVersionDate "2011.10.28"]
[SourceQuality "1"]

1. d4 d5 2. c4 e6 3. Nf3 c6 4. Nc3 f5 5. g3 Bd6 6. Bg2 Nf6 7. 0-0 Nbd7 8. b3 0-0 9. Bb2 Ne4 10. Nxe4 fxe4 11. Ne5 Qg5 12. Qc1 Qh5 13. g4 Qh4 14. f3 Nf6 15. Qe1 Qxe1 16. Raxe1 Bb4 17. Rd1 exf3 18. exf3 Nd7 19. Kf2 Nxe5 20. dxe5 Bd7 21. Kg3 Be8 22. f4 g6 23. cxd5 cxd5 24. f5 gxf5 25. gxf5 Bh5 26. Rc1 Rf7 27. fxe6 Rg7+ 28. Kf2 Bd2 29. Rc2 Rf8+ 30. Kg1 Be3+ 31. Rff2 Bf3 32. Kh1 Bxg2+ 0-1

[Event "Charleroi op"]
[Site "Charleroi"]
[Date "2011.08.04"]
[Round "7"]
[White "Vanhee, Freddy"]
[Black "Onbelet, Steve"]
[Result "1/2-1/2"]
[WhiteElo "1984"]
[BlackElo "1718"]
[PlyCount "64"]
[EventDate "2011.07.30"]
[EventType "swiss"]
[EventRounds "9"]
[EventCountry "BEL"]
[SourceTitle "EXT 2012"]
[Source "ChessBase"]
[SourceDate "2011.11.24"]
[SourceVersion "1"]
[SourceVersionDate "2011.11.24"]
[SourceQuality "1"]

1. d4 d5 2. c3 Nf6 3. Bf4 e6 4. e3 c5 5. Nd2 Nc6 6. Bd3 Bd7 7. h3 Be7 8. Ngf3 cxd4 9. exd4 Nh5 10. Bh2 g6 11. 0-0 0-0 12. Re1 Ng7 13. Ne5 Nxe5 14. Bxe5 Qb6 15. Qb3 Qxb3 16. axb3 a6 17. Ra5 Ne8 18. b4 Nd6 19. Bxd6 Bxd6 20. Rea1 Rab8 21. Nb3 Bc7 22. R5a2 Rfe8 23. Nc5 Bc6 24. Re1 Re7 25. Raa1 Rbe8 26. Re2 e5 27. dxe5 Bxe5 28. Rae1 Bf6 29. Rxe7 Rxe7 30. Rxe7 Bxe7 31. Nb3 Bg5 32. Na5 Bc1 1/2-1/2

[Event "Geraardsbergen op 26th"]
[Site "Geraardsbergen"]
[Date "2010.08.13"]
[Round "6"]
[White "Lallemand, Pascal"]
[Black "Vanhee, Freddy"]
[Result "1-0"]
[WhiteElo "2168"]
[BlackElo "1960"]
[PlyCount "81"]
[EventDate "2010.08.11"]
[EventType "swiss"]
[EventRounds "9"]
[EventCountry "BEL"]
[SourceTitle "CBM 138 Extra"]
[Source "ChessBase"]
[SourceDate "2010.10.29"]
[SourceVersion "1"]
[SourceVersionDate "2010.10.29"]
[SourceQuality "1"]

1. d4 Nf6 2. Nf3 d6 3. c4 Nbd7 4. Nc3 e5 5. Bg5 h6 6. Bxf6 Qxf6 7. Nd5 Qd8 8. e4 g6 9. Nc3 Bg7 10. d5 0-0 11. Bd3 Nc5 12. Bc2 a5 13. 0-0 Bg4 14. h3 Bd7 15. Nd2 f5 16. exf5 gxf5 17. f4 e4 18. Nb3 Qf6 19. Kh1 Na4 20. Nxa4 Bxa4 21. Rb1 Bd7 22. Qe2 a4 23. Nd2 Qg6 24. Rfd1 h5 25. Nf1 Kf7 26. b4 h4 27. c5 Rg8 28. c6 bxc6 29. dxc6 Bxc6 30. Qc4+ d5 31. Rxd5 Bxd5 32. Qxd5+ Qe6 33. Qc5 Rgc8 34. Ne3 Kg6 35. Rg1 Bf8 36. Qb5 Rcb8 37. Qe2 Kh6 38. g4 hxg3 39. Rxg3 Be7 40. Bd1 Qf7 41. Qc2 1-0

[Event "Geraardsbergen op 26th"]
[Site "Geraardsbergen"]
[Date "2010.08.13"]
[Round "5"]
[White "Vanhee, Freddy"]
[Black "Burnay, Gerard"]
[Result "1/2-1/2"]
[WhiteElo "1960"]
[BlackElo "1938"]
[PlyCount "59"]
[EventDate "2010.08.11"]
[EventType "swiss"]
[EventRounds "9"]
[EventCountry "BEL"]
[SourceTitle "CBM 138 Extra"]
[Source "ChessBase"]
[SourceDate "2010.10.29"]
[SourceVersion "1"]
[SourceVersionDate "2010.10.29"]
[SourceQuality "1"]

1. d4 c5 2. d5 Nf6 3. Nc3 e6 4. e4 exd5 5. exd5 d6 6. g3 Be7 7. Bg2 0-0 8. Nge2 Na6 9. 0-0 Nc7 10. Qd3 b6 11. a4 Rb8 12. Re1 a6 13. Nf4 b5 14. axb5 axb5 15. Qe2 Re8 16. Nh5 b4 17. Ne4 Nfxd5 18. Qd3 Be6 19. h4 g6 20. Nf4 Nxf4 21. Bxf4 Bf5 22. Qd2 Bxe4 23. Bxe4 Rb6 24. Bg5 Nb5 25. Ra8 Rb8 26. Rxb8 Qxb8 27. Bxg6 Bxg5 28. Bxf7+ Kxf7 29. Qd5+ Kg7 30. Qxg5+ 1/2-1/2

[Event "Charleroi op"]
[Site "Charleroi"]
[Date "2010.08.07"]
[Round "9"]
[White "Van Mechelen, Jan"]
[Black "Vanhee, Freddy"]
[Result "1-0"]
[WhiteElo "2278"]
[BlackElo "1960"]
[PlyCount "81"]
[EventDate "2010.07.31"]
[EventType "swiss"]
[EventRounds "9"]
[EventCountry "BEL"]
[SourceTitle "CBM 137 Extra"]
[Source "ChessBase"]
[SourceDate "2010.09.01"]
[SourceVersion "1"]
[SourceVersionDate "2010.09.01"]
[SourceQuality "1"]

1. Nf3 d5 2. g3 c6 3. Bg2 e6 4. 0-0 f5 5. d4 Bd6 6. c4 Nf6 7. b3 Qe7 8. Bb2 0-0 9. Qc1 Nbd7 10. Ba3 Bxa3 11. Qxa3 Qxa3 12. Nxa3 Ne4 13. Rfc1 Ndf6 14. Ne5 Bd7 15. Nc2 Be8 16. Ne1 Nd7 17. Nxd7 Bxd7 18. Nd3 Rad8 19. a4 g5 20. e3 Nf6 21. c5 Be8 22. b4 Rd7 23. b5 Rg7 24. bxc6 Bxc6 25. Bf1 Ne4 26. Rc2 h5 27. Ne5 h4 28. f3 Nf6 29. Bb5 Rc8 30. Rb1 hxg3 31. hxg3 g4 32. f4 Ne4 33. Rh2 Bxb5 34. axb5 Nxg3 35. Kg2 Ne4 36. Rbh1 Rgc7 37. Rh6 Kg7 38. Rg6+ Kf8 39. Rh8+ Ke7 40. Rh7+ Kf8 41. Nd7+ 1-0

[Event "Geraardsbergen op 25th"]
[Site "Geraardsbergen"]
[Date "2009.08.15"]
[Round "8"]
[White "Vanhee, Freddy"]
[Black "Van Hoecke, Elena"]
[Result "0-1"]
[WhiteElo "1957"]
[BlackElo "1892"]
[PlyCount "48"]
[EventDate "2009.08.12"]
[EventType "swiss"]
[EventRounds "9"]
[EventCountry "BEL"]
[SourceTitle "CBM 132 Extra"]
[Source "ChessBase"]
[SourceDate "2009.11.03"]
[SourceVersion "1"]
[SourceVersionDate "2009.11.03"]
[SourceQuality "1"]

1. d4 d5 2. c3 e6 3. Bf4 Bd6 4. e3 Bxf4 5. exf4 Nf6 6. Bd3 Qd6 7. g3 Nbd7 8. Nf3 c5 9. Qe2 cxd4 10. cxd4 b6 11. Nc3 0-0 12. 0-0 Bb7 13. Ne5 Qb4 14. a3 Qxd4 15. Nb5 Qc5 16. Rac1 Qe7 17. Rc7 Ba6 18. Nc6 Qc5 19. Nb4 Bxb5 20. Rc1 Bxd3 21. Qxd3 Qd6 22. R1c6 Qe7 23. Qa6 Qd8 24. Nd3 Nb8 0-1

[Event "Geraardsbergen op 25th"]
[Site "Geraardsbergen"]
[Date "2009.08.15"]
[Round "7"]
[White "Verhaeren, Gertjan"]
[Black "Vanhee, Freddy"]
[Result "1-0"]
[WhiteElo "1952"]
[BlackElo "1957"]
[PlyCount "31"]
[EventDate "2009.08.12"]
[EventType "swiss"]
[EventRounds "9"]
[EventCountry "BEL"]
[SourceTitle "CBM 132 Extra"]
[Source "ChessBase"]
[SourceDate "2009.11.03"]
[SourceVersion "1"]
[SourceVersionDate "2009.11.03"]
[SourceQuality "1"]

1. d4 Nf6 2. c4 d6 3. Nc3 Nbd7 4. e4 e5 5. Be3 c6 6. h3 exd4 7. Qxd4 Qa5 8. Nf3 Nc5 9. 0-0-0 Ne6 10. Qd2 Be7 11. Kb1 Qc7 12. Nd4 Nxd4 13. Qxd4 0-0 14. Bf4 Qa5 15. Qd2 Be6 16. Nd5 1-0

[Event "Geraardsbergen op 25th"]
[Site "Geraardsbergen"]
[Date "2009.08.14"]
[Round "5"]
[White "Balje, Jan"]
[Black "Vanhee, Freddy"]
[Result "1-0"]
[WhiteElo "2202"]
[BlackElo "1957"]
[PlyCount "67"]
[EventDate "2009.08.12"]
[EventType "swiss"]
[EventRounds "9"]
[EventCountry "BEL"]
[SourceTitle "CBM 132 Extra"]
[Source "ChessBase"]
[SourceDate "2009.11.03"]
[SourceVersion "1"]
[SourceVersionDate "2009.11.03"]
[SourceQuality "1"]

1. d4 Nf6 2. c4 d6 3. Nc3 Nbd7 4. e4 e5 5. Nf3 g6 6. Be2 Bg7 7. 0-0 0-0 8. d5 Nc5 9. Qc2 a5 10. Ne1 Ng4 11. f3 Nh6 12. Nd3 f5 13. Nxc5 dxc5 14. Be3 b6 15. Rad1 f4 16. Bf2 Nf7 17. a3 Bd7 18. b4 axb4 19. axb4 cxb4 20. Nb5 Nd6 21. Ra1 Ra5 22. Nxd6 cxd6 23. Qb2 Qc7 24. Qxb4 Rb8 25. Rfb1 Rxa1 26. Rxa1 Bf6 27. Rb1 Bd8 28. c5 dxc5 29. Bxc5 Qa7 30. Bf2 Qa4 31. Qd6 Qc2 32. Ra1 Qc8 33. Qxe5 b5 34. Bd4 1-0

[Event "Charleroi TIPC op"]
[Site "Charleroi"]
[Date "2008.07.27"]
[Round "2"]
[White "Dal Borgo, Albin"]
[Black "Vanhee, Freddy"]
[Result "1-0"]
[WhiteElo "2219"]
[BlackElo "1964"]
[PlyCount "31"]
[EventDate "2008.07.26"]
[EventType "swiss"]
[EventRounds "9"]
[EventCountry "BEL"]
[SourceTitle "EXT 2009"]
[Source "ChessBase"]
[SourceDate "2008.11.26"]
[SourceVersion "1"]
[SourceVersionDate "2008.11.26"]
[SourceQuality "1"]

1. d4 g6 2. e4 Bg7 3. Nc3 d6 4. f4 Nd7 5. Nf3 e5 6. dxe5 dxe5 7. fxe5 c6 8. Bc4 Qe7 9. Bg5 Qc5 10. Qd3 Bxe5 11. Nxe5 Qxe5 12. Be3 Qe7 13. Bd4 Ne5 14. Qg3 f6 15. Bb3 Qg7 16. 0-0 1-0

[Event "BEL-ch op"]
[Site "Namur"]
[Date "2007.07.02"]
[Round "3.18"]
[White "Van Cappellen, Jonas"]
[Black "Vanhee, Freddy"]
[Result "1-0"]
[WhiteElo "1804"]
[BlackElo "2078"]
[PlyCount "31"]
[EventDate "2007.06.30"]
[EventType "swiss"]
[EventRounds "9"]
[EventCountry "BEL"]
[SourceTitle "CBM 119 Extra"]
[Source "ChessBase"]
[SourceDate "2007.09.04"]
[SourceVersion "1"]
[SourceVersionDate "2007.09.04"]
[SourceQuality "1"]

1. d4 Nf6 2. Nc3 d5 3. Bg5 Bf5 4. f3 h6 5. Bh4 g5 6. Bf2 e6 7. Qd2 Nbd7 8. g4 Bg6 9. h4 gxh4 10. Bxh4 Be7 11. Bg3 c5 12. Nb5 Rc8 13. Nxa7 cxd4 14. Nxc8 Qxc8 15. Rxh6 Be4 16. Rxh8+ 1-0

[Event "Charleroi op 5th"]
[Site "Charleroi"]
[Date "2006.08.03"]
[Round "7"]
[White "Coibion, Charles"]
[Black "Vanhee, Freddy"]
[Result "1-0"]
[WhiteElo "1847"]
[BlackElo "2005"]
[PlyCount "79"]
[EventDate "2006.07.29"]
[EventType "swiss"]
[EventRounds "9"]
[EventCountry "BEL"]
[SourceTitle "CBM 113 Extra"]
[Source "ChessBase"]
[SourceDate "2006.09.14"]
[SourceVersion "1"]
[SourceVersionDate "2006.09.14"]
[SourceQuality "1"]

1. e4 c5 2. Nf3 Nc6 3. d4 cxd4 4. Nxd4 e5 5. Nb5 d6 6. N1c3 a6 7. Na3 b5 8. Nd5 Be7 9. c4 b4 10. Nc2 Rb8 11. Be2 Nf6 12. Bf3 0-0 13. b3 Nd7 14. Nce3 Nc5 15. Nxe7+ Nxe7 16. 0-0 Bb7 17. Nd5 Nxd5 18. exd5 Bc8 19. Bg4 f5 20. Be2 f4 21. Bg4 Bxg4 22. Qxg4 Rf6 23. Qe2 g5 24. Qg4 Rg6 25. Bd2 a5 26. Rfb1 Qf6 27. a3 h5 28. Qxh5 Rh6 29. Qe2 g4 30. Qxg4+ Kf7 31. axb4 Rg8 32. Qf3 Qh4 33. bxc5 Qxh2+ 34. Kf1 Rhg6 35. Ke2 Rxg2 36. Rh1 Qg3 37. Qxg3 fxg3 38. Raf1 Rh2 39. Rxh2 gxh2 40. Rh1 1-0

[Event "Charleroi op 3rd"]
[Site "Charleroi"]
[Date "2004.08.07"]
[Round "9"]
[White "Vanhee, Freddy"]
[Black "Henris, Luc"]
[Result "0-1"]
[WhiteElo "1949"]
[BlackElo "2219"]
[PlyCount "50"]
[EventDate "2004.07.03"]
[EventType "swiss"]
[EventRounds "9"]
[EventCountry "BEL"]
[SourceTitle "CBM 101 Extra"]
[Source "ChessBase"]
[SourceDate "2004.09.01"]
[SourceVersion "2"]
[SourceVersionDate "2004.09.01"]
[SourceQuality "1"]

1. d4 d5 2. Bf4 Nf6 3. e3 e6 4. c4 Be7 5. Nc3 0-0 6. Bd3 c5 7. Nf3 cxd4 8. exd4 dxc4 9. Bxc4 b6 10. 0-0 Bb7 11. Qe2 Nc6 12. Rad1 Nb4 13. Rfe1 Nbd5 14. Be5 Rc8 15. Ng5 Nxc3 16. bxc3 Nd5 17. Ne4 f6 18. Bg3 Rxc4 19. Qxc4 f5 20. f3 fxe4 21. fxe4 Nf6 22. Qxe6+ Kh8 23. Kh1 Re8 24. Qf5 Qc8 25. Be5 Nxe4 0-1

[Event "Charleroi op 3rd"]
[Site "Charleroi"]
[Date "2004.08.05"]
[Round "7"]
[White "Vanhee, Freddy"]
[Black "Noiroux, Kevin"]
[Result "1/2-1/2"]
[WhiteElo "1949"]
[BlackElo "2088"]
[PlyCount "55"]
[EventDate "2004.07.03"]
[EventType "swiss"]
[EventRounds "9"]
[EventCountry "BEL"]
[SourceTitle "CBM 101 Extra"]
[Source "ChessBase"]
[SourceDate "2004.09.01"]
[SourceVersion "2"]
[SourceVersionDate "2004.09.01"]
[SourceQuality "1"]

1. e4 c5 2. Nc3 e6 3. f4 a6 4. Nf3 d5 5. d3 d4 6. Ne2 Nc6 7. g3 Bd6 8. Bg2 e5 9. 0-0 Bg4 10. h3 Bxf3 11. Bxf3 Nf6 12. Bd2 b5 13. c3 0-0 14. cxd4 cxd4 15. fxe5 Bxe5 16. Bf4 Qd6 17. Qd2 a5 18. Rac1 Rfc8 19. Bxe5 Qxe5 20. Bg2 Rab8 21. Rf5 Qd6 22. Qf4 Qxf4 23. gxf4 Nb4 24. Rxc8+ Rxc8 25. Rxb5 Nxd3 26. Rxa5 Nxb2 27. Nxd4 g6 28. e5 1/2-1/2

[Event "Vlaams-ch"]
[Site "Bilzen"]
[Date "2004.05.29"]
[Round "5"]
[White "Schuermans, Robert"]
[Black "Vanhee, Freddy"]
[Result "1-0"]
[WhiteElo "2232"]
[BlackElo "1966"]
[PlyCount "45"]
[EventDate "2004.05.20"]
[EventType "swiss"]
[EventRounds "7"]
[EventCountry "BEL"]
[SourceTitle "EXT 2006"]
[Source "ChessBase"]
[SourceDate "2005.11.24"]
[SourceVersion "1"]
[SourceVersionDate "2005.11.24"]
[SourceQuality "1"]

1. e4 c5 2. Nf3 Nc6 3. d4 cxd4 4. Nxd4 e5 5. Nb5 d6 6. N1c3 a6 7. Na3 b5 8. Nd5 Nge7 9. Bg5 h6 10. Qh5 Be6 11. 0-0-0 Bxd5 12. exd5 hxg5 13. Qxh8 Nb4 14. Kb1 Nbxd5 15. c4 Ng6 16. Qh3 Ndf4 17. Qf3 bxc4 18. Qc6+ Ke7 19. Nxc4 Rc8 20. Qxa6 Rxc4 21. Bxc4 Ne6 22. Bxe6 fxe6 23. Qb7+ 1-0

[Event "BEL VSF op-B"]
[Site "Belgium"]
[Date "2001.??.??"]
[Round "?"]
[White "Deleyn, Gunter"]
[Black "Vanhee, Freddy"]
[Result "1-0"]
[WhiteElo "2295"]
[BlackElo "2120"]
[PlyCount "83"]
[EventDate "2001.??.??"]
[EventType "swiss"]
[EventRounds "7"]
[EventCountry "BEL"]
[SourceTitle "EXT 2003"]
[Source "ChessBase"]
[SourceDate "2002.11.25"]
[SourceVersion "1"]
[SourceVersionDate "2002.11.25"]
[SourceQuality "1"]

1. c4 Nf6 2. g3 d6 3. Bg2 e5 4. Nc3 Nc6 5. e3 g6 6. Nge2 Bg7 7. 0-0 0-0 8. h3 Be6 9. Nd5 Ne7 10. e4 c6 11. Nxf6+ Bxf6 12. d3 Bg7 13. f4 f5 14. Qc2 Qd7 15. Kh2 c5 16. Rb1 Nc6 17. a3 Rab8 18. b4 b5 19. cxb5 Rxb5 20. exf5 gxf5 21. Nc3 Nd4 22. Qf2 Rbb8 23. Ne2 Rfc8 24. Nxd4 exd4 25. Bd2 c4 26. dxc4 Rxc4 27. Rfc1 Rbc8 28. Bf1 Rxc1 29. Rxc1 Rxc1 30. Bxc1 Qc6 31. Bd2 Qc2 32. Bg2 d3 33. Qe3 Kf7 34. Qxa7+ Kg6 35. Qe3 Kf7 36. g4 Bc3 37. Qa7+ Kg6 38. Bxc3 Qxc3 39. Qe7 Bc8 40. gxf5+ Kxf5 41. Qf7+ Qf6 42. Be4+ 1-0

[Event "BEL-ch op"]
[Site "Ghent"]
[Date "2000.??.??"]
[Round "3"]
[White "Van de Velde, Koen"]
[Black "Vanhee, Freddy"]
[Result "1-0"]
[WhiteElo "2195"]
[BlackElo "2095"]
[PlyCount "37"]
[EventDate "2000.07.??"]
[EventType "swiss"]
[EventRounds "9"]
[EventCountry "BEL"]
[SourceTitle "EXT 2002"]
[Source "ChessBase"]
[SourceDate "2001.11.25"]
[SourceVersion "1"]
[SourceVersionDate "2001.11.25"]
[SourceQuality "1"]

1. c4 c5 2. Nf3 Nf6 3. g3 d5 4. cxd5 Nxd5 5. Bg2 Nc6 6. Nc3 Nc7 7. 0-0 e5 8. a3 f6 9. d3 Be7 10. Nd2 Bd7 11. Rb1 Be6 12. b4 cxb4 13. axb4 Qd7 14. b5 Nd8 15. Nc4 Nd5 16. Nxd5 Bxd5 17. Qa4 Bxg2 18. Kxg2 Ne6 19. Nb6 1-0